| 000 | 00446nam a22001817a 4500 | ||
|---|---|---|---|
| 003 | OSt | ||
| 005 | 20151029134008.0 | ||
| 008 | 130308t xxu||||| |||| 00| 0 eng d | ||
| 020 | _a0753811030 | ||
| 050 |
_aPR 6039 _b.T454 2004 |
||
| 082 |
_aIB 821.008 _bT36 2004 |
||
| 245 |
_aThe dylan thomas omnibus / _cDylan Thomas. |
||
| 260 |
_a London _bPhoenix _c2004 |
||
| 300 |
_a386 p. ; _c20 cm. |
||
| 562 | _e1 | ||
| 942 |
_2lcc _cBK |
||
| 999 |
_c2271 _d2271 |
||